Elenca la formazione - Quiz n°152 - Statistics

Statistiche generali
  • Questo quiz è stato fatto 59 volte
  • Il punteggio medio è 9 su 11
Statistiche sulle risposte
Ruolo Nazione Calciatore % Corretto
Attaccante Bosnia ed Erzegovina Edin Džeko
100%
Difensore Grecia Kōstas Manōlas
98%
Centrocampista Italia Lorenzo Pellegrini
89%
Difensore Italia Alessandro Florenzi
87%
Centrocampista Italia Daniele De Rossi
85%
Attaccante Italia Stephan El Shaarawy
82%
Difensore Serbia Aleksandar Kolarov
80%
Centrocampista Italia Bryan Cristante
80%
Difensore Argentina Federcio Fazio
78%
Attaccante Italia Nicolò Zaniolo
73%
Portiere Italia Antonio Mirante
71%
Nessun quiz corrispondente trovato
Distribuzione punteggi
Percentuale di utenti per punteggio
Percentile per numero di risposta
I tuoi punteggi nel tempo
Non hai fatto questo quiz